书目信息 |
| 题名: |
IPTV
|
|
| 作者: | 许永明 , 谢质文 , 欧阳春 编著 | |
| 分册: | ||
| 出版信息: | 北京 电子工业出版社 2006.01 |
|
| 页数: | 263页 | |
| 开本: | 26cm | |
| 丛书名: | ||
| 单 册: | ||
| 中图分类: | TN919.85 | |
| 科图分类: | ||
| 主题词: | 数据通信 , 图象通信 | |
| 电子资源: | ||
| ISBN: | 7-121-02039-4 | |
| 000 | 00732nam0 2200241 45 | |
| 001 | 0761391668 | |
| 005 | 20080513095317.06 | |
| 010 | @a7-121-02039-4@dCNY 29.00 | |
| 100 | @a20070628d2006 km y0chiy0120 ea | |
| 101 | 0 | @achi |
| 102 | @aCN@b110000 | |
| 200 | 1 | @aIPTV@e技术与应用实践@f许永明,谢质文,欧阳春编著@Fxu yong ming,xie zhi wen,ou yang chun bian zhu |
| 210 | @a北京@c电子工业出版社@d2006.01 | |
| 215 | @a263页@d26cm | |
| 517 | @a技术与应用实践@Aji shu yu ying yong shi jian | |
| 606 | 0 | @a数据通信 |
| 606 | 0 | @a图象通信 |
| 690 | @aTN919.85@v4 | |
| 701 | 0 | @a许永明@Axu yong ming@4编著 |
| 701 | 0 | @a谢质文@Axie zhi wen@4编著 |
| 701 | 0 | @a欧阳春@Aou yang chun@4编著 |
| 801 | 0 | @aCN@c20080513 |
| 905 | @dTN919.85@eX914 | |
| IPTV:技术与应用实践/许永明,谢质文,欧阳春编著.-北京:电子工业出版社,2006.01 |
| 263页;26cm |
| ISBN 7-121-02039-4:CNY 29.00 |
| ● |
| 相关链接 |
|
|
|
正题名:IPTV
索取号:TN919.85/X914
 
预约/预借
| 序号 | 登录号 | 条形码 | 馆藏地/架位号 | 状态 | 备注 |
| 1 | 450438 | 204504385 | 自科库301/301自科库 998排9列3层/ [索取号:TN919.85/X914] | 在馆 |